| 000 | 00856nam0a2200289 4500 | ||
|---|---|---|---|
| 001 | RU\NLR\ONL2\16323 | ||
| 005 | 20250613131446.0 | ||
| 010 |
_a978-5-7680-2266-2 _9500 |
||
| 035 | _a(NLR Aleph) 009663908 | ||
| 090 |
_a9627193 _c9627193 |
||
| 100 | _a20100128d2009 |||y0rusy50 ca | ||
| 101 | 0 | _akbd | |
| 102 | _aRU | ||
| 105 | _ay ||||||||| | ||
| 200 | 1 |
_aГуапагъэ _eусэхэр _fКъэжэр Петр |
|
| 210 |
_aНалшык _cЭльбрус _d2009 |
||
| 215 |
_a148,[1] с. _d17 |
||
| 541 | 1 |
_6z01790 _aДоброта _eстихи _zrus |
|
| 686 | 1 | _aШ6(2=К)7-5 | |
| 700 | 1 |
_aКъэжэр _bП. _gПетр _4070 |
|
| 790 | 1 |
_6z01541 _aКажаров _bП. Х. _gПетр Хаибович _4070 |
|
| 801 | 0 |
_aRU _bNLR _c20100128 _gPSBO |
|
| 852 |
_aNLR _bОНЛ _jКабар./2-1214 |
||
| 942 | _cBOOK | ||
| 980 | _aNB | ||
| 980 | _aONL_RF | ||